[Event "Titled Tuesday intern op 21st Mar Early"]
[Site "Chess.com INT"]
[Date "2023.03.21"]
[Round "3"]
[White "Lukiyanchuk, Vladislav"]
[Black "Rose, Felix"]
[Result "1-0"]
[WhiteElo "2299"]
[BlackElo "2091"]
[PlyCount "65"]
[EventDate "2023.03.21"]
[EventType "swiss (blitz)"]
[EventRounds "11"]
[EventCountry "USA"]
[SourceTitle "EXT 2024"]
[Source "ChessBase"]
[SourceDate "2023.10.10"]
[SourceVersion "1"]
[SourceVersionDate "2023.10.10"]
[SourceQuality "1"]

1. d4 Nf6 2. Bg5 d5 3. Nd2 Nbd7 4. e3 c6 5. Ngf3 h6 6. Bh4 Qb6 7. Nb3 a5 8. Rb1 a4 9. Nbd2 e6 10. Bd3 Bd6 11. 0-0 0-0 12. c4 Qa7 13. e4 Nxe4 14. Nxe4 dxe4 15. Bxe4 e5 16. Bc2 exd4 17. Nxd4 Ne5 18. Nxc6 bxc6 19. Qxd6 Re8 20. Rfe1 f6 21. Bg3 Ba6 22. Bxe5 Rad8 23. Qxc6 fxe5 24. Rbd1 Rf8 25. c5 Rc8 26. Qe6+ Kh8 27. Qg6 Kg8 28. Qh7+ Kf7 29. Bg6+ Kf6 30. Rd6+ Kg5 31. Bc2 Qxc5 32. Qg6+ Kf4 33. Qg3# 1-0

[Event "Titled Tuesday intern op 21st Mar Early"]
[Site "Chess.com INT"]
[Date "2023.03.21"]
[Round "1"]
[White "Palacio, Igor Da Paz"]
[Black "Lukiyanchuk, Vladislav"]
[Result "0-1"]
[WhiteElo "2172"]
[BlackElo "2299"]
[PlyCount "54"]
[EventDate "2023.03.21"]
[EventType "swiss (blitz)"]
[EventRounds "11"]
[EventCountry "USA"]
[SourceTitle "EXT 2024"]
[Source "ChessBase"]
[SourceDate "2023.10.10"]
[SourceVersion "1"]
[SourceVersionDate "2023.10.10"]
[SourceQuality "1"]

1. e4 Nc6 2. Nc3 e5 3. g3 Bc5 4. Bg2 Nf6 5. Nf3 0-0 6. 0-0 a6 7. d3 h6 8. a3 d6 9. h3 Nh7 10. Be3 Bxe3 11. fxe3 f5 12. exf5 Bxf5 13. Kh2 Qd7 14. Nh4 Be6 15. Nd5 Ng5 16. g4 e4 17. Bxe4 Nxe4 18. dxe4 Ne5 19. Qe2 Rfe8 20. Nf5 Kh7 21. Qf2 Rf8 22. Qh4 Ng6 23. Qg3 Rae8 24. Rad1 Qc6 25. Nd4 Rxf1 26. Rxf1 Qc4 27. b3 Qxf1 0-1

[Event "Titled Tuesday intern op 09th Aug Late"]
[Site "Chess.com INT"]
[Date "2022.08.09"]
[Round "2"]
[White "Lukiyanchuk, Vladislav"]
[Black "Thiel, Thomas"]
[Result "1-0"]
[WhiteElo "2299"]
[BlackElo "2230"]
[PlyCount "51"]
[EventDate "2022.08.09"]
[EventType "swiss (blitz)"]
[EventRounds "11"]
[EventCountry "USA"]
[SourceTitle "EXT 2023"]
[Source "ChessBase"]
[SourceDate "2022.10.05"]
[SourceVersion "1"]
[SourceVersionDate "2022.10.05"]
[SourceQuality "1"]

1. d4 Nf6 2. c4 g6 3. Nc3 d5 4. cxd5 Nxd5 5. e4 Nxc3 6. bxc3 Bg7 7. Bb5+ c6 8. Ba4 b5 9. Bb3 0-0 10. Ne2 c5 11. Bd5 cxd4 12. cxd4 Nc6 13. Bxc6 Rb8 14. 0-0 b4 15. Be3 Ba6 16. Re1 Rc8 17. Rc1 Qa5 18. Qa4 Qxa4 19. Bxa4 Bxe2 20. Rxc8 Rxc8 21. Rxe2 Bxd4 22. Rc2 Bc3 23. Rc1 a5 24. f3 Rd8 25. Kf2 Rd3 26. Rd1 1-0

[Event "Titled Tuesday intern op 6th June"]
[Site "Chess.com INT"]
[Date "2020.06.02"]
[Round "7"]
[White "Andreikin, Dmitry"]
[Black "Lukiyanchuk, Vladislav"]
[Result "1-0"]
[WhiteElo "2726"]
[BlackElo "2299"]
[PlyCount "85"]
[EventDate "2020.06.02"]
[EventType "swiss (blitz)"]
[EventRounds "10"]
[EventCountry "USA"]
[SourceTitle "CBM 196 Extra"]
[Source "ChessBase"]
[SourceDate "2020.07.31"]
[SourceVersion "1"]
[SourceVersionDate "2020.07.31"]
[SourceQuality "1"]

1. e4 e5 2. Nf3 Nc6 3. Bb5 a6 4. Ba4 Nf6 5. 0-0 Be7 6. Re1 b5 7. Bb3 d6 8. c3 0-0 9. h3 Nb8 10. d4 Nbd7 11. Nbd2 Bb7 12. Bc2 Re8 13. Nf1 Bf8 14. Ng3 g6 15. a4 c5 16. d5 c4 17. Be3 Nc5 18. Nd2 Nfd7 19. Ra3 Nb6 20. Bxc5 dxc5 21. Ngf1 b4 22. Ra1 b3 23. Bb1 a5 24. Ne3 Ba6 25. Qe2 Bh6 26. Ng4 Bg7 27. Ne3 Bh6 28. Ng4 Bxd2 29. Qxd2 h5 30. Nh2 Qd7 31. Qh6 Nxa4 32. Rxa4 Qxa4 33. f4 exf4 34. Nf3 Qd7 35. e5 f6 36. Bxg6 Re7 37. d6 Re6 38. Bf5 Rae8 39. Kh2 a4 40. exf6 Qf7 41. Rxe6 Rxe6 42. Bxe6 Qxe6 43. Qg7# 1-0

[Event "Titled Tuesday intern op 6th June"]
[Site "Chess.com INT"]
[Date "2020.06.02"]
[Round "6"]
[White "Lukiyanchuk, Vladislav"]
[Black "Durarbayli, Vasif"]
[Result "1-0"]
[WhiteElo "2299"]
[BlackElo "2606"]
[PlyCount "69"]
[EventDate "2020.06.02"]
[EventType "swiss (blitz)"]
[EventRounds "10"]
[EventCountry "USA"]
[SourceTitle "CBM 196 Extra"]
[Source "ChessBase"]
[SourceDate "2020.07.31"]
[SourceVersion "1"]
[SourceVersionDate "2020.07.31"]
[SourceQuality "1"]

1. d4 Nf6 2. c4 e6 3. Nf3 b6 4. a3 Ba6 5. Qc2 Bb7 6. Nc3 c5 7. dxc5 bxc5 8. Bg5 Be7 9. Rd1 0-0 10. e4 h6 11. Bh4 Nc6 12. e5 Ng4 13. Bg3 f6 14. exf6 Nxf6 15. Be2 Nd4 16. Nxd4 cxd4 17. Rxd4 Bc5 18. Rd2 Bxg2 19. Rg1 Bh3 20. b4 Be7 21. Be5 Bf5 22. Bd3 Qe8 23. Bxf5 exf5 24. Qxf5 a5 25. Re2 Qf7 26. b5 Rae8 27. b6 Bxa3 28. b7 Bb4 29. Bxf6 Bxc3+ 30. Bxc3 Rxe2+ 31. Kxe2 Qxc4+ 32. Qd3 Rxf2+ 33. Kxf2 Qxd3 34. Rxg7+ Kf8 35. b8Q# 1-0

[Event "Titled Tuesday intern op 6th June"]
[Site "Chess.com INT"]
[Date "2020.06.02"]
[Round "2"]
[White "Lukiyanchuk, Vladislav"]
[Black "Kamsky, Gata"]
[Result "0-1"]
[WhiteElo "2299"]
[BlackElo "2674"]
[PlyCount "78"]
[EventDate "2020.06.02"]
[EventType "swiss (blitz)"]
[EventRounds "10"]
[EventCountry "USA"]
[SourceTitle "CBM 196 Extra"]
[Source "ChessBase"]
[SourceDate "2020.07.31"]
[SourceVersion "1"]
[SourceVersionDate "2020.07.31"]
[SourceQuality "1"]

1. d4 Nf6 2. c4 g6 3. Nc3 Bg7 4. e4 d6 5. Nf3 0-0 6. Be2 e5 7. 0-0 Nc6 8. d5 Ne7 9. Ne1 Nd7 10. Be3 f5 11. f3 f4 12. Bf2 g5 13. b4 Rf6 14. c5 Rh6 15. Rc1 a6 16. cxd6 cxd6 17. b5 Qe8 18. bxa6 Qh5 19. h3 bxa6 20. Na4 Nc5 21. h4 Nxa4 22. Qxa4 gxh4 23. Kh2 Qg5 24. Rc7 Bf8 25. Nd3 Rg6 26. Rg1 Rb8 27. Kh1 h3 28. g3 h2 29. Rg2 Bh3 30. g4 Rb1+ 31. Rc1 Bxg2+ 32. Kxg2 Rxc1 33. Nxc1 h5 34. Kxh2 hxg4 35. fxg4 f3 36. Bxf3 Qxc1 37. Qe8 Qf4+ 38. Kg2 Rf6 39. Bh4 Qxf3+ 0-1

[Event "Titled Tuesday intern op 6th June"]
[Site "Chess.com INT"]
[Date "2020.06.02"]
[Round "4"]
[White "Lukiyanchuk, Vladislav"]
[Black "Szente Varga, Fruzsina"]
[Result "1-0"]
[WhiteElo "2299"]
[BlackElo "2100"]
[PlyCount "79"]
[EventDate "2020.06.02"]
[EventType "swiss (blitz)"]
[EventRounds "10"]
[EventCountry "USA"]
[SourceTitle "CBM 196 Extra"]
[Source "ChessBase"]
[SourceDate "2020.07.31"]
[SourceVersion "1"]
[SourceVersionDate "2020.07.31"]
[SourceQuality "1"]

1. d4 Nf6 2. c4 g6 3. Nc3 Bg7 4. e4 d6 5. Nf3 0-0 6. Be2 e5 7. 0-0 Nc6 8. d5 Ne7 9. Ne1 Ne8 10. Be3 f5 11. f3 f4 12. Bf2 g5 13. c5 Ng6 14. a4 h5 15. a5 Qd7 16. c6 Qe7 17. cxb7 Bxb7 18. a6 Bc8 19. Nb5 Bd7 20. Nxa7 g4 21. fxg4 Nh4 22. Nc6 Qg5 23. Bxh4 Qxh4 24. Nf3 Qf6 25. gxh5 Kh8 26. Qe1 Rg8 27. Nh4 Kh7 28. Ng6 Bh6 29. a7 Rxg6 30. hxg6+ Qxg6 31. Kh1 Nf6 32. Ne7 Qg5 33. Nf5 Ng4 34. Bxg4 Qxg4 35. Nxh6 Kxh6 36. Ra3 Kg6 37. Qf2 Kf6 38. g3 Ke7 39. gxf4 exf4 40. Qxf4 1-0

[Event "EU-ch U18 27th"]
[Site "Mamaia"]
[Date "2017.09.14"]
[Round "9"]
[White "Lukiyanchuk, Vladislav"]
[Black "Meunier, Clement1111"]
[Result "1/2-1/2"]
[WhiteElo "2358"]
[BlackElo "2270"]
[PlyCount "37"]
[EventDate "2017.09.05"]
[EventType "swiss"]
[EventRounds "9"]
[EventCountry "ROU"]
[SourceTitle "EXT 2018"]
[Source "ChessBase"]
[SourceDate "2017.10.13"]
[SourceVersion "1"]
[SourceVersionDate "2017.10.13"]
[SourceQuality "1"]

1. d4 Nf6 2. c4 c5 3. d5 b5 4. cxb5 a6 5. bxa6 g6 6. Nc3 Bg7 7. g3 0-0 8. Bg2 d6 9. Nf3 Bxa6 10. 0-0 Nbd7 11. Qc2 Qa5 12. Rd1 Rfb8 13. Rb1 Ng4 14. Bd2 Nge5 15. Nxe5 Nxe5 16. b3 c4 17. Na4 cxb3 18. axb3 Qb5 19. Nc3 1/2-1/2

[Event "EU-ch U18 27th"]
[Site "Mamaia"]
[Date "2017.09.09"]
[Round "5"]
[White "Lukiyanchuk, Vladislav"]
[Black "Jogstad, Martin"]
[Result "0-1"]
[WhiteElo "2358"]
[BlackElo "2259"]
[PlyCount "86"]
[EventDate "2017.09.05"]
[EventType "swiss"]
[EventRounds "9"]
[EventCountry "ROU"]
[SourceTitle "EXT 2018"]
[Source "ChessBase"]
[SourceDate "2017.10.13"]
[SourceVersion "1"]
[SourceVersionDate "2017.10.13"]
[SourceQuality "1"]

1. e4 c5 2. Nf3 e6 3. d3 d5 4. Nbd2 Nc6 5. g3 Nf6 6. Bg2 Be7 7. 0-0 e5 8. exd5 Nxd5 9. Nc4 f6 10. a4 Be6 11. a5 Qd7 12. c3 Nc7 13. Qb3 0-0 14. Rd1 b5 15. axb6 axb6 16. Rxa8 Rxa8 17. Qc2 Rb8 18. Qe2 b5 19. Ne3 Rd8 20. Nh4 Bf8 21. Be4 g6 22. Qf3 Nd5 23. Re1 Bg7 24. g4 Nce7 25. Nef5 gxf5 26. gxf5 Bf7 27. Kh1 Nf4 28. Rg1 Kh8 29. Bxf4 exf4 30. Qg4 Bh6 31. Qh3 Rg8 32. Ng6+ Rxg6 33. fxg6 Bxg6 34. Qxh6 Ng8 35. Qxf4 Bf7 36. Qe3 Qd6 37. h4 Qe5 38. Kg2 b4 39. f4 Qd6 40. c4 Ne7 41. b3 Be8 42. Bf3 Bc6 43. Qe6 Qxe6 0-1

[Event "EU-ch U18 27th"]
[Site "Mamaia"]
[Date "2017.09.06"]
[Round "2"]
[White "Levitan, Tal"]
[Black "Lukiyanchuk, Vladislav"]
[Result "0-1"]
[WhiteElo "2099"]
[BlackElo "2358"]
[PlyCount "91"]
[EventDate "2017.09.05"]
[EventType "swiss"]
[EventRounds "9"]
[EventCountry "ROU"]
[SourceTitle "CBM 180 Extra"]
[Source "ChessBase"]
[SourceDate "2017.10.06"]
[SourceVersion "1"]
[SourceVersionDate "2017.10.06"]
[SourceQuality "1"]

1. e4 c5 2. c3 Nf6 3. e5 Nd5 4. d4 Nc6 5. Nf3 cxd4 6. cxd4 d6 7. Bc4 dxe5 8. dxe5 Ndb4 9. Qxd8+ Nxd8 10. Na3 a6 11. Be3 b5 12. Bb3 e6 13. Ke2 Bb7 14. Nc2 Nd5 15. a4 Nxe3 16. Nxe3 Nc6 17. axb5 axb5 18. Rxa8+ Bxa8 19. Bc2 Be7 20. Bd3 0-0 21. Rc1 Rc8 22. Kf1 b4 23. Be4 Bb7 24. Bxc6 Rxc6 25. Rxc6 Bxc6 26. Nd4 Be4 27. Ke2 Bc5 28. Nb3 Bb6 29. f3 Bc6 30. Kd3 Bb5+ 31. Nc4 Bg1 32. Nd4 Ba6 33. h3 Kf8 34. b3 Ke8 35. Nc2 Bc5 36. Nd4 Kd7 37. h4 f6 38. f4 f5 39. g3 g6 40. Nc2 Kc6 41. Nd4+ Kd5 42. Nf3 h6 43. Nh2 Bf2 44. Nf1 Bc5 45. Nfd2 Bxc4+ 46. bxc4+ 0-1

[Event "EU-chT U18"]
[Site "Rymanow Zdroj"]
[Date "2017.08.17"]
[Round "1.9"]
[White "Lukiyanchuk, Vladislav"]
[Black "Molnar, Erno"]
[Result "1-0"]
[WhiteElo "2359"]
[BlackElo "2194"]
[PlyCount "101"]
[EventDate "2017.08.17"]
[EventType "team-swiss"]
[EventRounds "7"]
[EventCountry "POL"]
[SourceTitle "CBM 180 Extra"]
[Source "ChessBase"]
[SourceDate "2017.10.06"]
[SourceVersion "1"]
[SourceVersionDate "2017.10.06"]
[SourceQuality "1"]
[WhiteTeam "Ukraine U18"]
[BlackTeam "Slovakia U18 III"]
[WhiteTeamCountry "UKR"]
[BlackTeamCountry "SVK"]

1. d4 Nf6 2. c4 g6 3. g3 c6 4. Nf3 d5 5. Qb3 dxc4 6. Qxc4 Be6 7. Qc2 Bd5 8. Nbd2 Bg7 9. e4 Be6 10. Bg2 0-0 11. 0-0 Qa5 12. h3 Na6 13. a3 Nc7 14. b4 Qb6 15. Bb2 h6 16. Rac1 Rfc8 17. Ne5 Nb5 18. Ndc4 Qd8 19. Rfd1 Nd6 20. Na5 Nd7 21. f4 Qe8 22. Qe2 Nb6 23. g4 Rab8 24. f5 Bd7 25. Nb3 e6 26. fxg6 fxg6 27. Nc5 Rd8 28. d5 exd5 29. Nexd7 Nxd7 30. Bxg7 Kxg7 31. Qb2+ Kh7 32. exd5 cxd5 33. Re1 Ne4 34. Nxe4 dxe4 35. Rxe4 Qf8 36. Rf1 Qg7 37. Qxg7+ Kxg7 38. Re7+ Kg8 39. Rd1 Nb6 40. Rxd8+ Rxd8 41. Rxb7 Rd7 42. Rxd7 Nxd7 43. Kf2 Ne5 44. Bd5+ Kf8 45. Ke3 Ke7 46. a4 h5 47. g5 h4 48. Be4 Kd6 49. Kf4 Ke6 50. a5 a6 51. b5 1-0

[Event "Lutsk Nebesna Sotnya Memorial blitz"]
[Site "Lutsk"]
[Date "2017.02.17"]
[Round "4"]
[White "Lukiyanchuk, Vladislav"]
[Black "Budnikov, Oleg"]
[Result "0-1"]
[WhiteElo "1986"]
[BlackElo "2403"]
[PlyCount "78"]
[EventDate "2017.02.17"]
[EventType "swiss (blitz)"]
[EventRounds "15"]
[EventCountry "UKR"]
[SourceTitle "CBM 176 Extra"]
[Source "ChessBase"]
[SourceDate "2017.03.02"]
[SourceVersion "1"]
[SourceVersionDate "2017.03.02"]
[SourceQuality "1"]

1. Nf3 g6 2. g3 Bg7 3. d4 d6 4. Bg2 Nd7 5. c4 e5 6. Nc3 Ne7 7. 0-0 0-0 8. b3 Nf5 9. dxe5 dxe5 10. Bg5 f6 11. Bc1 c6 12. Ba3 Re8 13. e3 Bf8 14. Bxf8 Nxf8 15. Qc2 Qe7 16. Rad1 Ne6 17. Ne4 Kg7 18. g4 Nh6 19. g5 Nxg5 20. Nfxg5 fxg5 21. Qc3 Bg4 22. f3 Bf5 23. Nd6 Red8 24. c5 Nf7 25. e4 Be6 26. f4 gxf4 27. Rxf4 Kg8 28. Rf2 Nxd6 29. cxd6 Rxd6 30. Rdf1 Qg5 31. h4 Qh5 32. Bf3 Qxh4 33. Qxe5 Rad8 34. Bg2 Qh5 35. Qf6 Bc4 36. Qe7 Bxf1 37. Rf7 Bxg2 38. Rg7+ Kh8 39. Qe5 Qxe5 0-1

[Event "Chernivtsi op"]
[Site "Chernivtsi"]
[Date "2016.07.23"]
[Round "8"]
[White "Lukiyanchuk, Vladislav"]
[Black "Medvedyk, Volodymyr"]
[Result "0-1"]
[WhiteElo "2003"]
[BlackElo "1944"]
[PlyCount "51"]
[EventDate "2016.07.19"]
[EventType "swiss"]
[EventRounds "9"]
[EventCountry "UKR"]
[SourceTitle "CBM 173 Extra"]
[Source "ChessBase"]
[SourceDate "2016.08.29"]
[SourceVersion "1"]
[SourceVersionDate "2016.08.29"]
[SourceQuality "1"]

1. e4 c5 2. Nf3 d6 3. d4 cxd4 4. Nxd4 Nf6 5. Nc3 a6 6. Bg5 e6 7. f4 h6 8. Bxf6 Qxf6 9. Qd2 Nc6 10. Nf3 Qd8 11. 0-0-0 Be7 12. Kb1 b5 13. g4 Bb7 14. Bd3 Qc7 15. h4 0-0-0 16. g5 hxg5 17. hxg5 Na5 18. Nd4 Nc4 19. Qf2 Rxh1 20. Rxh1 d5 21. e5 Nxb2 22. Ncxb5 axb5 23. Nxb5 Nxd3 24. cxd3 Qa5 25. Rc1+ Kb8 26. Qb2 0-1

[Event "Chernivtsi op"]
[Site "Chernivtsi"]
[Date "2016.07.22"]
[Round "7"]
[White "Thomre, Abhishek"]
[Black "Lukiyanchuk, Vladislav"]
[Result "0-1"]
[WhiteElo "1549"]
[BlackElo "2003"]
[PlyCount "92"]
[EventDate "2016.07.19"]
[EventType "swiss"]
[EventRounds "9"]
[EventCountry "UKR"]
[SourceTitle "CBM 173 Extra"]
[Source "ChessBase"]
[SourceDate "2016.08.29"]
[SourceVersion "1"]
[SourceVersionDate "2016.08.29"]
[SourceQuality "1"]

1. d4 d5 2. Nf3 Nf6 3. e3 e6 4. Bd3 Bd6 5. b3 c6 6. Bb2 Nbd7 7. Nbd2 Qc7 8. 0-0 0-0 9. c4 Re8 10. c5 Bf8 11. Ne5 Nxe5 12. dxe5 Nd7 13. b4 g6 14. f4 Bg7 15. Nf3 b6 16. Qc2 bxc5 17. bxc5 Bf8 18. Bd4 Qa5 19. Ng5 Nxc5 20. Bxc5 Qxc5 21. Qe2 Bd7 22. h4 Bh6 23. Rac1 Qe7 24. Qg4 f5 25. exf6 Qxf6 26. h5 Re7 27. hxg6 hxg6 28. Qh4 Rh7 29. Qg3 Rg7 30. Qh4 Bxg5 31. fxg5 Qe5 32. Qf4 Qxf4 33. Rxf4 e5 34. Rf6 e4 35. Bc2 Rc8 36. Ba4 c5 37. Bxd7 Rxd7 38. Rxg6+ Kh7 39. Rh6+ Kg7 40. Rf1 Rf8 41. Rc1 c4 42. g4 Rf3 43. Rc3 Rg3+ 44. Kf2 Rxg4 45. Rc1 Rf7+ 46. Ke2 Rg2+ 0-1

[Event "Chernivtsi op"]
[Site "Chernivtsi"]
[Date "2016.07.21"]
[Round "5"]
[White "Boyechko, Oleg"]
[Black "Lukiyanchuk, Vladislav"]
[Result "0-1"]
[WhiteElo "1996"]
[BlackElo "2003"]
[PlyCount "62"]
[EventDate "2016.07.19"]
[EventType "swiss"]
[EventRounds "9"]
[EventCountry "UKR"]
[SourceTitle "CBM 173 Extra"]
[Source "ChessBase"]
[SourceDate "2016.08.29"]
[SourceVersion "1"]
[SourceVersionDate "2016.08.29"]
[SourceQuality "1"]

1. e4 c5 2. Nf3 d6 3. d4 cxd4 4. Nxd4 Nf6 5. Nc3 a6 6. Bg5 Nbd7 7. Bc4 e6 8. Bb3 b5 9. f3 Bb7 10. 0-0 Rc8 11. Kh1 Nb6 12. a4 b4 13. Na2 d5 14. a5 Nbd7 15. exd5 e5 16. f4 e4 17. Re1 h6 18. Bh4 g5 19. Bg3 Nc5 20. c4 Bd6 21. Rf1 Nd3 22. fxg5 hxg5 23. Ba4+ Kf8 24. Bxd6+ Qxd6 25. h3 Rxc4 26. Ne6+ Ke7 27. Bb3 Qg3 28. Bxc4 Ng4 29. Qxg4 Qxg4 30. Nd4 Nf4 31. Rf2 Nxh3 0-1

[Event "Chernivtsi op"]
[Site "Chernivtsi"]
[Date "2016.07.21"]
[Round "4"]
[White "Lukiyanchuk, Vladislav"]
[Black "Ostakhnovich, Vladislav"]
[Result "0-1"]
[WhiteElo "2003"]
[BlackElo "1971"]
[PlyCount "71"]
[EventDate "2016.07.19"]
[EventType "swiss"]
[EventRounds "9"]
[EventCountry "UKR"]
[SourceTitle "CBM 173 Extra"]
[Source "ChessBase"]
[SourceDate "2016.08.29"]
[SourceVersion "1"]
[SourceVersionDate "2016.08.29"]
[SourceQuality "1"]

1. Nf3 Nf6 2. d3 d5 3. g3 b6 4. Bg2 Bb7 5. 0-0 e6 6. c4 Be7 7. Ne5 0-0 8. Nc3 Nbd7 9. f4 c5 10. cxd5 Nxd5 11. Nf3 Nxc3 12. bxc3 c4 13. d4 Nf6 14. Qc2 Be4 15. Qa4 Qd5 16. Bh3 h6 17. Ba3 b5 18. Qa6 Bxa3 19. Qxa3 a5 20. Nd2 Ra6 21. Nxe4 Qxe4 22. Qb2 b4 23. Qd2 bxc3 24. Qxc3 Qxe2 25. Rfe1 Qd3 26. Qxd3 cxd3 27. Rad1 Rb8 28. Rxd3 Rb2 29. Ra3 Rc6 30. Rxa5 Rcc2 31. a4 Rxh2 32. Bf1 Rhd2 33. Ra8+ Kh7 34. Re3 Ng4 35. Rd3 Rf2 36. f5 0-1

[Event "Chernivtsi op"]
[Site "Chernivtsi"]
[Date "2016.07.20"]
[Round "3"]
[White "Huda, Maryana"]
[Black "Lukiyanchuk, Vladislav"]
[Result "1/2-1/2"]
[WhiteElo "2168"]
[BlackElo "2003"]
[PlyCount "40"]
[EventDate "2016.07.19"]
[EventType "swiss"]
[EventRounds "9"]
[EventCountry "UKR"]
[SourceTitle "CBM 173 Extra"]
[Source "ChessBase"]
[SourceDate "2016.08.29"]
[SourceVersion "1"]
[SourceVersionDate "2016.08.29"]
[SourceQuality "1"]

1. e4 e6 2. d4 d5 3. Nd2 c5 4. Ngf3 cxd4 5. exd5 Qxd5 6. Bc4 Qd6 7. 0-0 Nf6 8. Nb3 Nc6 9. Nbxd4 Nxd4 10. Nxd4 a6 11. Bb3 Qc7 12. Qf3 Bd6 13. h3 0-0 14. c4 e5 15. Nc2 Be6 16. Bg5 Nd7 17. Rac1 h6 18. Bd2 Nc5 19. Nb4 Nxb3 20. axb3 Bxb4 1/2-1/2

[Event "EU-ch U16 25th"]
[Site "Porec"]
[Date "2015.09.30"]
[Round "9"]
[White "Tica, Sven"]
[Black "Lukiyanchuk, Vladislav"]
[Result "1/2-1/2"]
[WhiteElo "2300"]
[BlackElo "2111"]
[PlyCount "100"]
[EventDate "2015.09.21"]
[EventType "swiss"]
[EventRounds "9"]
[EventCountry "CRO"]
[SourceTitle "EXT 2016"]
[Source "ChessBase"]
[SourceDate "2015.10.08"]
[SourceVersion "1"]
[SourceVersionDate "2015.10.08"]
[SourceQuality "1"]

1. c4 e5 2. g3 Nc6 3. Bg2 f5 4. Nc3 Nf6 5. e3 g6 6. Nge2 Bg7 7. 0-0 0-0 8. d4 e4 9. Rb1 Kh8 10. b4 d5 11. c5 g5 12. f4 exf3 13. Bxf3 Ne7 14. a4 Be6 15. b5 Ne4 16. Bg2 Qd7 17. Qc2 Bh6 18. Bb2 Kg8 19. Rbe1 c6 20. Qd3 Ng6 21. Bc1 Rae8 22. a5 Bg7 23. Bb2 h5 24. b6 a6 25. Ba1 Qc8 26. Bb2 Rf7 27. Qc2 Rfe7 28. Bc1 Qb8 29. Nxe4 fxe4 30. Rf2 h4 31. Ref1 Bg4 32. h3 hxg3 33. Nxg3 Qxg3 34. hxg4 Nh4 35. Qe2 Bh8 36. Rf5 Nxf5 37. Rxf5 Rh7 38. Bd2 Qh2+ 39. Kf1 Rf8 40. Rxf8+ Kxf8 41. Ke1 Rf7 42. Kd1 Qg1+ 43. Be1 Bxd4 44. exd4 Qxd4+ 45. Qd2 Qxc5 46. Qxg5 Qd4+ 47. Bd2 Rf2 48. Ke1 Rf6 49. Be3 Qc3+ 50. Ke2 Qd3+ 1/2-1/2

[Event "EU-ch U16 25th"]
[Site "Porec"]
[Date "2015.09.28"]
[Round "7"]
[White "Lukiyanchuk, Vladislav"]
[Black "Stabulnieks, Klavs"]
[Result "1-0"]
[WhiteElo "2111"]
[BlackElo "2026"]
[PlyCount "71"]
[EventDate "2015.09.21"]
[EventType "swiss"]
[EventRounds "9"]
[EventCountry "CRO"]
[SourceTitle "EXT 2016"]
[Source "ChessBase"]
[SourceDate "2015.10.08"]
[SourceVersion "1"]
[SourceVersionDate "2015.10.08"]
[SourceQuality "1"]

1. Nf3 Nf6 2. g3 b5 3. Bg2 Bb7 4. 0-0 e6 5. d3 d5 6. c3 Be7 7. Qc2 0-0 8. Nbd2 c5 9. Re1 Nc6 10. e4 dxe4 11. dxe4 Qc7 12. Nb3 e5 13. Nh4 c4 14. Nd2 Ng4 15. h3 Bxh4 16. gxh4 Nf6 17. Nf1 Nh5 18. Ne3 Ne7 19. Kh2 Nf4 20. Rg1 f5 21. f3 fxe4 22. fxe4 Neg6 23. Nf5 Nxg2 24. Rxg2 Rxf5 25. exf5 Nxh4 26. Rg4 Nf3+ 27. Kg3 h5 28. Rg6 e4+ 29. Bf4 h4+ 30. Kg4 Ne5+ 31. Bxe5 Qxe5 32. Qf2 Kf7 33. Qf4 Re8 34. Qxe5 Rxe5 35. Kf4 Rd5 36. Rag1 1-0

[Event "EU-ch U16 25th"]
[Site "Porec"]
[Date "2015.09.21"]
[Round "1"]
[White "Nikitenko, Mihail"]
[Black "Lukiyanchuk, Vladislav"]
[Result "1-0"]
[WhiteElo "2393"]
[BlackElo "2111"]
[PlyCount "67"]
[EventDate "2015.09.21"]
[EventType "swiss"]
[EventRounds "9"]
[EventCountry "CRO"]
[SourceTitle "EXT 2016"]
[Source "ChessBase"]
[SourceDate "2015.10.08"]
[SourceVersion "1"]
[SourceVersionDate "2015.10.08"]
[SourceQuality "1"]

1. e4 c5 2. Nf3 d6 3. d4 cxd4 4. Nxd4 Nf6 5. Nc3 a6 6. Bg5 Nbd7 7. Qe2 e6 8. 0-0-0 Qc7 9. f4 Be7 10. g4 h6 11. Bxf6 Nxf6 12. g5 hxg5 13. fxg5 Nh5 14. g6 Bg5+ 15. Kb1 f6 16. h4 Nf4 17. hxg5 Rxh1 18. Qf3 Rh4 19. gxf6 e5 20. fxg7 Qxg7 21. Nf5 Bxf5 22. exf5 0-0-0 23. Bxa6 d5 24. Qf2 Rg4 25. Nb5 d4 26. Qf3 Nd5 27. Qxg4 bxa6 28. f6+ Qd7 29. Na7+ Kc7 30. Qxd7+ Kxd7 31. f7 Ke6 32. Nc6 Rc8 33. Nxe5 Kf6 34. Nd7+ 1-0

[Event "EU-ch U14 24th"]
[Site "Batumi"]
[Date "2014.10.26"]
[Round "7"]
[White "Kokje, Joris"]
[Black "Lukiyanchuk, Vladislav"]
[Result "0-1"]
[WhiteElo "1917"]
[BlackElo "2027"]
[PlyCount "56"]
[EventDate "2014.10.19"]
[EventType "swiss"]
[EventRounds "9"]
[EventCountry "GEO"]
[SourceTitle "EXT 2015"]
[Source "ChessBase"]
[SourceDate "2014.11.20"]
[SourceVersion "1"]
[SourceVersionDate "2014.11.20"]
[SourceQuality "1"]

1. d4 d5 2. c4 dxc4 3. g3 g6 4. Nf3 Bg7 5. Bg2 c6 6. 0-0 Bg4 7. e3 Nd7 8. Qc2 Nb6 9. Na3 Nf6 10. Nxc4 Bf5 11. Qe2 0-0 12. Bd2 Nxc4 13. Qxc4 Be4 14. Rac1 Bd5 15. Qa4 Ne4 16. Bc3 Re8 17. Rfd1 Qc8 18. Nd2 f5 19. Qc2 Qe6 20. b3 Bh6 21. Qd3 Red8 22. Bb4 Nxd2 23. Rxd2 Bxg2 24. Kxg2 Bg7 25. Qc4 Rd5 26. Re2 Qd7 27. Bc5 Kh8 28. f4 b6 0-1

[Event "EU-ch U14 24th"]
[Site "Batumi"]
[Date "2014.10.24"]
[Round "6"]
[White "Lukiyanchuk, Vladislav"]
[Black "Akhvlediani, Irakli"]
[Result "1/2-1/2"]
[WhiteElo "2027"]
[BlackElo "1855"]
[PlyCount "59"]
[EventDate "2014.10.19"]
[EventType "swiss"]
[EventRounds "9"]
[EventCountry "GEO"]
[SourceTitle "EXT 2015"]
[Source "ChessBase"]
[SourceDate "2014.11.20"]
[SourceVersion "1"]
[SourceVersionDate "2014.11.20"]
[SourceQuality "1"]

1. e4 c6 2. Nc3 d5 3. Nf3 dxe4 4. Nxe4 Nf6 5. Qe2 Bf5 6. d3 e6 7. g3 Nbd7 8. Bg2 Be7 9. 0-0 0-0 10. Rd1 Re8 11. c4 Qc7 12. Bd2 a5 13. Bc3 e5 14. Nh4 Bg6 15. Nxg6 hxg6 16. b3 Nc5 17. Nxf6+ Bxf6 18. Re1 Qd7 19. Rad1 Ne6 20. Bh3 Qe7 21. Qb2 Qc5 22. Bxe6 Rxe6 23. Re4 Qd6 24. Qe2 b6 25. h4 c5 26. a4 Rd8 27. Kf1 Rde8 28. Re1 Rd8 29. Re3 Qc6 30. Re4 1/2-1/2